<?xml version="1.0" encoding="UTF-8"?><?xml-stylesheet type="text/xsl" href="static/style.xsl"?><OAI-PMH xmlns="http://www.openarchives.org/OAI/2.0/" xmlns:xsi="http://www.w3.org/2001/XMLSchema-instance" xsi:schemaLocation="http://www.openarchives.org/OAI/2.0/ http://www.openarchives.org/OAI/2.0/OAI-PMH.xsd"><responseDate>2026-04-17T08:23:29Z</responseDate><request verb="GetRecord" identifier="oai:riubu.ubu.es:10259/11486" metadataPrefix="marc">https://riubu.ubu.es/oai/request</request><GetRecord><record><header><identifier>oai:riubu.ubu.es:10259/11486</identifier><datestamp>2026-03-23T11:47:34Z</datestamp><setSpec>com_10259_2604</setSpec><setSpec>col_10259_5684</setSpec></header><metadata><record xmlns="http://www.loc.gov/MARC21/slim" xmlns:doc="http://www.lyncode.com/xoai" xmlns:xsi="http://www.w3.org/2001/XMLSchema-instance" xmlns:dcterms="http://purl.org/dc/terms/" xsi:schemaLocation="http://www.loc.gov/MARC21/slim http://www.loc.gov/standards/marcxml/schema/MARC21slim.xsd">
<leader>00925njm 22002777a 4500</leader>
<datafield tag="042" ind1=" " ind2=" ">
<subfield code="a">dc</subfield>
</datafield>
<datafield tag="720" ind1=" " ind2=" ">
<subfield code="a">Arnáiz Alonso, Ana</subfield>
<subfield code="e">author</subfield>
</datafield>
<datafield tag="720" ind1=" " ind2=" ">
<subfield code="a">Melero Gil, Beatriz</subfield>
<subfield code="e">author</subfield>
</datafield>
<datafield tag="720" ind1=" " ind2=" ">
<subfield code="a">Trigo López, Miriam</subfield>
<subfield code="e">author</subfield>
</datafield>
<datafield tag="720" ind1=" " ind2=" ">
<subfield code="a">Mendía Jalón, Aránzazu</subfield>
<subfield code="e">author</subfield>
</datafield>
<datafield tag="720" ind1=" " ind2=" ">
<subfield code="a">Fuente Vivas, Dalia de la</subfield>
<subfield code="e">author</subfield>
</datafield>
<datafield tag="720" ind1=" " ind2=" ">
<subfield code="a">Iñigo Martínez, María Emilia</subfield>
<subfield code="e">author</subfield>
</datafield>
<datafield tag="720" ind1=" " ind2=" ">
<subfield code="a">Gómez Cuadrado, Laura</subfield>
<subfield code="e">author</subfield>
</datafield>
<datafield tag="720" ind1=" " ind2=" ">
<subfield code="a">Ibeas Cortes, Saturnino</subfield>
<subfield code="e">author</subfield>
</datafield>
<datafield tag="720" ind1=" " ind2=" ">
<subfield code="a">Vallejos Calzada, Saúl</subfield>
<subfield code="e">author</subfield>
</datafield>
<datafield tag="260" ind1=" " ind2=" ">
<subfield code="c">2026-01-13</subfield>
</datafield>
<datafield tag="520" ind1=" " ind2=" ">
<subfield code="a">The dataset contains all raw data of the work "Naked-eye detection of Listeria monocytogenes using smart chromogenic polymers&#xd;
with tuneable surface morphologies"</subfield>
</datafield>
<datafield tag="024" ind2=" " ind1="8">
<subfield code="a">Arnaiz, A., Melero, B., Trigo López, M., Mendía, A., de la Fuente Vivas, D., Iñigo Martinez, M. E., Gómez-Cuadrado, L., Ibeas, S., &amp; Vallejos, S. (2026). Dataset of the work "Naked-eye detection of Listeria monocytogenes using smart chromogenic polymers with tuneable surface morphologies" [Data set]. Universidad de Burgos. https://doi.org/10.71486/J2CM-8884</subfield>
</datafield>
<datafield tag="024" ind2=" " ind1="8">
<subfield code="a">https://hdl.handle.net/10259/11486</subfield>
</datafield>
<datafield tag="024" ind2=" " ind1="8">
<subfield code="a">10.71486/j2cm-8884</subfield>
</datafield>
<datafield ind1=" " ind2=" " tag="653">
<subfield code="a">Listeria</subfield>
</datafield>
<datafield ind1=" " ind2=" " tag="653">
<subfield code="a">L. monocytogenes</subfield>
</datafield>
<datafield ind1=" " ind2=" " tag="653">
<subfield code="a">Polymer-based biosensors</subfield>
</datafield>
<datafield ind1=" " ind2=" " tag="653">
<subfield code="a">Chromogenic</subfield>
</datafield>
<datafield ind1=" " ind2=" " tag="653">
<subfield code="a">PI-PLC</subfield>
</datafield>
<datafield ind1=" " ind2=" " tag="653">
<subfield code="a">Protease activity</subfield>
</datafield>
<datafield ind1=" " ind2=" " tag="653">
<subfield code="a">Smart material</subfield>
</datafield>
<datafield ind1=" " ind2=" " tag="653">
<subfield code="a">Polymeric sensors</subfield>
</datafield>
<datafield tag="245" ind1="0" ind2="0">
<subfield code="a">Dataset of the work "Naked-eye detection of Listeria monocytogenes using smart chromogenic polymers with tuneable surface morphologies"</subfield>
</datafield>
</record></metadata></record></GetRecord></OAI-PMH>